Представление документа в формате RUSMARC

ПолеНазваниеЗначение
  Тип записи a
  Библиографический уровень m
001 Контрольный номер a526879559fd4e1b9e182e9fa47f096e
005 Дата корректировки 20150326091551.4
010 Индекс ISBN __
a ISBN 978-5-8031-0147-5
d Цена 113,57
100 Данные общей обработки __
a Данные общей обработки 20051014d2005 |||y0rusy0189
101 Язык документа 0_
a Язык текста rus
102 Страна публикации __
a Страна публикации RU
200 Заглавие и сведения об ответственности 1_
b Общее обозначение материала Текст
a Заглавие Экономика организаций (предприятий)
e Сведения, относящиеся к заглавию Методические рекомендации по изучению дисциплины "Экономика предприятий (организаций)
f Первые сведения об ответственности О. В. Беляева
f Первые сведения об ответственности Е. Г. Баширова
210 Выходные данные 1_
a Место издания Энгельс
c Издательство Ред.-изд.центр ПКИ
d Дата издания 2013
215 Физическое описание __
a Объем 110 с.
610 Ключевые слова 1_
a Ключевые слова методические рекомендации
a Ключевые слова учебное пособие
a Ключевые слова показатели хозяйственной деятельности
a Ключевые слова производственные фонды
a Ключевые слова производительность труда
a Ключевые слова реализация продукции
a Ключевые слова издержки производства
a Ключевые слова себестоимость продукции
a Ключевые слова прибыль и рентабельность
a Ключевые слова бакалавриат
686 Индексы других классификаций __
a Классификационный индекс 65.291
2 Код системы rubbk
700 Автор _1
a Фамилия Беляева
b Имя О. В.
4 Код отношения 070
801 Источник записи _1
a Страна RU
b Организация РУК
852 Данные о местонахождении 5_
i Авторский знак Б 44
j Шифр хранения ББК 65.291
901 Тип документа __
t Тип документа m
937 Технологическая информация __
a Создатель записи (имя) Завалишина
938 Служебная информация __
a Название организации Поволжский филиал
952 Тип литературы __
b Гриф литературы для ВШ гриф МО
c Вид литературы учебно-методическое издание